书目信息 |
| 题名: |
魅力口才与技巧
|
|
| 作者: | 卡耐基 著 ;舞阳 译 | |
| 分册: | ||
| 出版信息: | 北京 煤炭工业出版社 2019.08 |
|
| 页数: | 186页 | |
| 开本: | 21cm | |
| 丛书名: | 卡耐基全集 | |
| 单 册: | ||
| 中图分类: | H019-49 | |
| 科图分类: | ||
| 主题词: | 口才学--kou cai xue--通俗读物 | |
| 电子资源: | ||
| ISBN: | 978-7-5020-7419-7 | |
| 000 | 01185nam 2200301 450 | |
| 001 | CAL 0120192833233 | |
| 005 | 20190827155130.8 | |
| 010 | @a978-7-5020-7419-7@dCNY30.00 | |
| 100 | @a20190827d2019 em y0chiy50 ea | |
| 101 | 1 | @achi@ceng |
| 102 | @aCN@b110000 | |
| 105 | @ay z 000yy | |
| 106 | @ar | |
| 200 | 1 | @a魅力口才与技巧@Amei li kou cai yu ji qiao@f(美) 戴尔·卡耐基著@F( mei ) dai er· ka nai ji zhu@g舞阳译 |
| 210 | @a北京@c煤炭工业出版社@d2019.08 | |
| 215 | @a186页@d21cm | |
| 225 | 2 | @a卡耐基全集@Aka nai ji quan ji |
| 300 | @a全球畅销的励志经典 | |
| 314 | @a戴尔·卡耐基, 被誉为20世纪伟大的心灵导师和成功学大师, 美国现代成人教育之父。 | |
| 330 | @a本书所阐述的演讲模式, 不同于以往有关演讲的著作, 它融合了“公演说术、推销术、心理学和商业谈判技巧”, 帮助你, 克服恐惧、建立自信, 让你成为更受欢迎的人, 更能赢得他人由衷的合作, 进而成为一位有影响力和强大气场的人。 | |
| 410 | 0 | @12001 @a卡耐基全集 |
| 586 | @a | |
| 606 | 0 | @a口才学@Akou cai xue@j通俗读物 |
| 690 | @aH019-49@v5 | |
| 701 | 1 | @a卡耐基@Aka nai ji@g(Carnegie, Dale),@f1888-1955@4著 |
| 702 | 0 | @a舞阳@Awu yang@4译 |
| 801 | 0 | @aCN@c20190827 |
| 905 | @a河南城建学院图书馆@dH019-49@eK072@f2 | |
| 魅力口才与技巧/(美) 戴尔·卡耐基著/舞阳译.-北京:煤炭工业出版社,2019.08 |
| 186页;21cm.-(卡耐基全集) |
| 全球畅销的励志经典 |
| ISBN 978-7-5020-7419-7:CNY30.00 |
| 本书所阐述的演讲模式, 不同于以往有关演讲的著作, 它融合了“公演说术、推销术、心理学和商业谈判技巧”, 帮助你, 克服恐惧、建立自信, 让你成为更受欢迎的人, 更能赢得他人由衷的合作, 进而成为一位有影响力和强大气场的人。 |
| ● |
| 相关链接 |
|
|
|
正题名:魅力口才与技巧
索取号:H019-49/K072
 
预约/预借
| 序号 | 登录号 | 条形码 | 馆藏地/架位号 | 状态 | 备注 |
| 1 | 1414535 | 214145352 | 语言库209/209语言库 65排1列6层/ [索取号:H019-49/K072] | 在馆 | |
| 2 | 1414536 | 214145361 | 语言库209/209语言库 65排1列6层/ [索取号:H019-49/K072] | 在馆 |